[Event "EU-ch 11th"]
[Site "Rijeka"]
[Date "2010.03.10"]
[Round "5"]
[White "Potkin, Vladimir"]
[Black "Volokitin, Andrei"]
[Result "1/2-1/2"]
[WhiteElo "2606"]
[BlackElo "2687"]
[Annotator "Krasenkow,M"]
[PlyCount "69"]
[EventDate "2010.03.06"]
[EventType "swiss"]
[EventRounds "11"]
[EventCountry "CRO"]
[SourceTitle "CBM 136"]
[Source "ChessBase"]
[SourceDate "2010.05.18"]
[SourceVersion "1"]
[SourceVersionDate "2010.05.18"]
[SourceQuality "1"]

1. d4 Nf6 2. c4 e6 3. Nf3 d5 4. Nc3 c5 5. cxd5 Nxd5 6. e3 cxd4 7. exd4 Be7 8.
Bd3 Nc6 9. O-O O-O 10. Re1 Bf6 11. Be4 Nce7 12. Ne5 Bd7 13. Qd3 g6 14. Bh6 Bg7
15. Bxg7 Kxg7 16. Bxd5 exd5 {[%mdl 16] A well-known theoretical position and
typical middlegame setup! See e.g. Hracek - Janjgava in CBM 44 and PH. Nielsen
- Hoi in CBM 46.} 17. Qd2 {Freeing the d3-square for the knight. Other options
seen in practice:} (17. Qf3 Bf5 (17... Be6 $143 18. Nd3 Nc6 19. Nc5 Qf6 20.
Qxf6+ Kxf6 21. Rad1 b6 22. Nd3 Rfd8 23. Ne5 Rac8 24. Nxc6 Rxc6 25. Rd2 a6 26.
f3 Rc4 27. Kf2 $14 {1-0 Lein,A (2485)-Burger,K (2420)/Beersheba 1982/MCD (41)})
18. Rad1 f6 19. Nd3 Bxd3 20. Rxd3 (20. Qxd3 Qd7 21. h3 Rad8 $11 {1/2 Bojkovic,
N (2424)-Kononenko,T (2388)/Antalya 2002/CBM 090 ext (29)}) 20... Qd7 {1/2
Sturua,Z (2594)-Burmakin,V (2538)/Biel 2000/CBM 077 ext}) (17. h3 f6 18. Nf3
Rf7 (18... Bc6 19. Re2 Qd7 20. b4 b6 21. b5 Bb7 22. a4 g5 23. Rae1 Ng6 24. Re3
Rae8 25. Nh2 Rxe3 26. Qxe3 Rf7 27. Qd2 Re7 28. Rxe7+ Qxe7 29. Nf1 Qd6 30. Qe3
Kf7 $11 {1/2 Kosten,A (2540)-Kuczynski,R (2480)/Saint Affrique 1995/EXT 1999 
(40)}) 19. Re2 Rc8 20. Rae1 Bc6 21. Nh4 Qc7 22. Qf3 Rd8 23. g3 Rd6 24. g4 Rd7
25. Ng2 g5 26. Nd1 $6 (26. h4 h6 $14) 26... Bb5 $1 27. Re6 Rd6 $11 {1-0 Hracek,
Z (2530)-Janjgava,L (2500)/Moscow 1994/CBM 044 ext/[Ftacnik] (58)}) (17. h4 Be6
$6 (17... f6 $1 18. Nxd7 Qxd7 $11) 18. h5 Nf5 19. g4 Nh6 20. hxg6 hxg6 21. Nxg6
$14 {1/2 Jovanic,O (2464)-Hagarova,Z (2364)/Pardubice 2006/CBM 113 ext (41)}) (
17. Re2 Be6 (17... f6 $142 18. Nxd7 Qxd7 {- game}) 18. Rae1 Nf5 19. Nf3 Rc8 20.
Qd2 h6 21. h3 Rc4 $5 22. b3 Rc8 23. Na4 b6 24. Rc1 Rxc1+ 25. Qxc1 Qf6 26. Qd2
Rc8 $10 {1/2 Nielsen,P (2500)-Hoi,C (2415)/Copenhagen 1995/CBM 046/[Hansen,LB]
(36)}) 17... Bf5 $1 {[%mdl 288] Black's bishop is really "bad" (the d5-pawn
restricts it, and it has no other useful diagonals to operate on) so he is
ready to exchange it for White's knight on d3.} 18. Re2 (18. g4 $5 {looks
attractive, in order to push the bishop back, but Black meets it with} f6 $1
19. gxf5 fxe5 {solving all problems.}) 18... f6 19. Nd3 Bxd3 20. Qxd3 Qd7 {
Now White has only a small initiative remaining, due to his more active pieces.
It can be neutralised by accurate defence.} 21. Rae1 Nc6 22. g3 (22. h3 Rae8
23. Rxe8 Rxe8 24. Rxe8 Qxe8 25. Nxd5 Qe1+ 26. Qf1 Qxf1+ 27. Kxf1 Nxd4 {1/2
Efimenko,Z (2572)-Lahno,K (2472)/Montreal 2004/CBM 103}) 22... Rf7 23. Re3 (23.
Na4 b6 24. Nc3 Rd8 25. Kg2 Qf5 26. Rd2 Qd7 27. h3 Re7 28. Rxe7+ Nxe7 {1/2
Topalov,V (2650)-Vyzmanavin,A (2605)/Groningen 1993/CBM 039}) 23... Rd8 24. Kg2
Re7 25. h4 Rxe3 26. Qxe3 Qg4 27. f3 Qd7 28. Na4 b6 29. Nc3 h5 30. Nb5 a6 31.
Nc3 b5 32. Qf4 Qd6 33. Qxd6 Rxd6 34. Ne2 Re6 35. Kf1 1/2-1/2

[Event "Capablanca Memorial Elite 46th"]
[Site "Havana"]
[Date "2011.05.15"]
[Round "5"]
[White "Le, Quang Liem"]
[Black "Ivanchuk, Vassily"]
[Result "1/2-1/2"]
[WhiteElo "2687"]
[BlackElo "2776"]
[Annotator "Krasenkow,M"]
[PlyCount "69"]
[EventDate "2011.05.11"]
[EventType "tourn"]
[EventRounds "10"]
[EventCountry "CUB"]
[EventCategory "19"]
[SourceTitle "CBM 143"]
[Source "ChessBase"]
[SourceDate "2011.07.15"]
[SourceVersion "1"]
[SourceVersionDate "2011.07.15"]
[SourceQuality "1"]

1. Nf3 Nf6 2. c4 c5 3. Nc3 d5 4. cxd5 Nxd5 5. e3 e6 6. d4 Nc6 7. Bd3 Be7 8. O-O
O-O 9. a3 b6 10. Qc2 Nxc3 (10... g6 {gives White a strong possibility} 11. dxc5
$1 (11. e4 Nxd4 12. Nxd4 cxd4 13. Nb5 {1-0 Utemov,V (2430)-Lugovoi,A (2315)/
Smolensk 1992/EXT 1997 (43)} Nf6 $13) (11. b4 Nxc3 12. Qxc3 Bd7 13. dxc5 Bf6
14. Nd4 bxc5 15. bxc5 Nxd4 16. exd4 Bc6 17. Bb2 Rb8 18. Rae1 Qc7 19. Ba1 Rfd8
20. Qc4 Bb5 21. Qb3 Bc6 {1/2 Portisch,L-Tal,M/Palma de Mallorca 1966/EXT 1998})
11... bxc5 12. Rd1 Nxc3 (12... Qc7 13. Bd2 (13. b3 $14) 13... Bb7 14. Ne4 Nb8
15. Rac1 Nd7 16. b4 Rfc8 17. Bb5 Bc6 18. Ba6 Bb7 {1/2 Gheorghiu,F (2545)-Tal,M
(2620)/Leningrad 1977/MCL}) 13. Qxc3 Rb8 (13... Ba6 $6 {1-0 Najdorf,M-Salomon,
J/Montevideo 1954/MCL (40)} 14. e4 $1 $16 {[%cal Rc1h6]}) 14. Bc2 Qb6 15. Rb1 (
15. b3 f5 16. Rb1 Bf6 17. Qe1 Ne5 18. Nxe5 Bxe5 19. Bb2 Bxb2 20. Rxb2 Ba6 21.
Rbb1 Rfd8 {1/2 Minev,N-Dely,P/Sinaia 1964/EXT 2003}) 15... Ba6 16. b3 f5 17.
Bb2 Bf6 18. Qe1 Bxb2 19. Rxb2 Qa5 20. Qxa5 Nxa5 21. Rbb1 Rfd8 22. Ne5 Rxd1+ 23.
Bxd1 Rd8 (23... Rb7 $5 {[%cal Ya5c4]}) 24. b4 cxb4 25. axb4 Nc4 26. Nc6 Rd7 27.
Ra1 Bb7 28. Nxa7 Rd2 29. Bb3 Bd5 30. Bxc4 Bxc4 31. Nc6 Rb2 32. h4 Bb5 33. Nd4
Rxb4 34. Nxe6 Rxh4 $14 {1-0 Kortschnoj,V-Tal,M/Kiev 1964/URS-ch (93)}) 11. bxc3
g6 {[%cal Ye7f6,Yf6g7]} (11... h6 $143 12. Bb2 (12. Rd1 Qc7 13. e4 $6 Na5 14.
Ne5 (14. Qb2 $142 Bb7 $132) 14... cxd4 15. cxd4 Qxc2 16. Bxc2 Bb7 $15 {0-1
Rogers,I (2400)-Garcia,G (2330)/La Valetta 1980/EXT 2000 (33)}) 12... Bf6 13.
Rad1 Qe7 14. e4 g5 $6 15. e5 Bg7 16. Qe2 Bb7 {1-0 Iljin,A (2513)-Astashin,A 
(2210)/Saratov 2006/EXT 2008 (37)} 17. Qe4 Rfd8 18. h4 $16) 12. Rd1 cxd4 (12...
Qc7 {is probably simpler:} 13. e4 Rd8 (13... Na5 {is possible here, too,
although White can now reply} 14. Bh6 Rd8 15. Qb2 Bb7 16. Rac1) 14. h4 $6 (14.
Qe2 cxd4 15. cxd4 Nxd4 16. Nxd4 Rxd4 17. Bb2 $44) 14... Na5 15. Qb1 Bd7 16. Be3
Ba4 17. Re1 Rac8 $36 {0-1 Shishmarev,V-Lugovoi,A (2315)/St Petersburg 1992/EXT
1997 (47)}) 13. cxd4 (13. exd4 Bb7 14. Bh6 Re8 15. Qd2 Bf8 16. Bxf8 Rxf8 17.
Qf4 Ne7 18. Ne5 Nd5 19. Qd2 Rc8 20. c4 Ne7 21. Qf4 Nf5 22. Bxf5 exf5 23. d5 Qd6
$13 {1-0 Toran Albero,R-Donner,J/Palma de Mallorca 1967/EXT 1998 (28)}) 13...
Bb7 (13... Bd7 14. Bb2 Na5 {1/2 Rajkovic,D-Simic,R (2485)/Medulin 1983/EXT 2009
}) 14. Bb2 Rc8 15. Qe2 Na5 (15... Bf6 16. h4 Qd6 17. h5 Rfd8 18. Be4 Qe7 19. h6
$6 Bg5 $2 (19... Qf8 $13) 20. Nxg5 Qxg5 21. Rac1 Qe7 22. d5 $36 {1-0 Bischoff,
K (2505)-Costa,J (2360)/Berlin West 1989/EXT 2008 (28)}) 16. e4 Bf6 {The
position has assumed a character of the Petrosian system in the Queen's Indian
but the version is clearly inferior for White (his "wrong" rook is on d1, and
Black has an extra tempo).} 17. Rac1 Qe7 18. h4 {[%mdl 512]} Bxh4 {Black
boldly accepts this pawn sacrifice not fearing anything.} (18... Bg7 19. h5
Rfd8 $11 {was quite solid.}) 19. Rxc8 Rxc8 20. d5 (20. Nxh4 $1 Qxh4 21. d5 $44
{[%csl Rg8][%cal Gb2h8] was more to the point.}) 20... Bf6 21. d6 Qd8 22. d7
Rc5 {White's d7-pawn gives him some compensation for the missing pawn but it
can only be enough for equality.} 23. Bxf6 Qxf6 24. Ba6 Qd8 25. Bxb7 Nxb7 26.
Qd2 Rc7 27. Ne5 f6 28. Ng4 h5 29. Qh6 hxg4 30. Qxg6+ Kf8 31. Qh6+ Kg8 32. Qg6+
Kf8 33. Qh7 Rc5 34. Qh8+ Kf7 35. Qh7+ 1/2-1/2

[Event "Danzhou 7th"]
[Site "Danzhou"]
[Date "2016.07.11"]
[Round "4"]
[White "Ding, Liren"]
[Black "Bu, Xiangzhi"]
[Result "1-0"]
[WhiteElo "2778"]
[BlackElo "2723"]
[Annotator "Krasenkow,M"]
[PlyCount "95"]
[EventDate "2016.07.08"]
[EventType "tourn"]
[EventRounds "9"]
[EventCountry "CHN"]
[EventCategory "20"]
[SourceTitle "CBM 174"]
[Source "ChessBase"]
[SourceDate "2016.09.13"]
[SourceVersion "1"]
[SourceVersionDate "2016.09.13"]
[SourceQuality "1"]

1. d4 Nf6 2. c4 e6 3. Nf3 d5 4. Nc3 c5 5. cxd5 Nxd5 6. e3 Nc6 7. Bd3 cxd4 8.
exd4 Be7 9. O-O O-O 10. Re1 Bf6 11. Be4 Nce7 12. Qd3 g6 13. Bh6 Bg7 14. Bg5 {
A rare move in this well-known position. White usually agrees to the exchange
of the dark-squared bishops playing} (14. Bxg7) ({or} 14. Qd2) 14... f6 {
That is exactly the weakening White wanted to provoke.} (14... Qd6 $5 {may be
more accurate although there has been only one game at the GM level:} 15. Ne5
f6 {(in a better version; Black now easily completes his development and
equalizes)} 16. Nc4 Qd7 17. Bd2 b6 18. Rad1 Bb7 {1/2 (18) Ribli,Z (2595)-Jansa,
V (2450) Moscow 1977}) 15. Bd2 {It is hard to say which retreat of the bishop
is better.} (15. Bh4 Nxc3 (15... Bd7 $5 {is probably more solid}) 16. bxc3 f5
$5 17. Bxe7 (17. Bd5 $5 Qxd5 18. Bxe7 Re8 19. c4) 17... fxe4 18. Bxd8 exd3 19.
Bg5 Bd7 20. Rad1 Bb5 21. Rxe6 Rfe8 22. Rxe8+ Rxe8 $14 {1-0 (40) Zude,A (2385)
-Meduna,E (2495) Germany 1991}) 15... Nxc3 16. Qxc3 Nd5 17. Qb3 b6 18. Bb4 $5
Rf7 19. Nd2 Bb7 20. Ba3 Qd7 21. Nc4 Bf8 22. Bxf8 Rfxf8 {Black has no problems;
moreover, White's isolated pawn may cause him trouble since the position is
quite simplified.} 23. g3 Rac8 24. Bg2 Kg7 25. a4 Rfd8 (25... Rc7 26. a5 Rfc8 {
was more accurate, parrying White's queenside activity.}) 26. a5 b5 $6 {
This weakening move was unnecessary.} (26... Bc6 $5 {[%cal Yd7b7,Yc6b5]} 27.
axb6 axb6 28. Nxb6 Qb7 $1 29. Bxd5 Bxd5 30. Qa3 $1 Rc6 (30... Qxb6 $2 31. Qe7+
Kg8 32. Ra7) 31. Nxd5 Rxd5 {with a probable draw.}) 27. Nd2 Qc6 28. a6 $1 {
[%mdl 64]} Ba8 (28... Bxa6 29. Ne4 $1 Rc7 30. Nc5 Bc8 31. Ra6 $3 Bxa6 32. Bxd5
exd5 (32... Rxd5 33. Nxe6+) (32... Qxd5 33. Nxe6+ Kg8 34. Qxd5 Rxd5 35. Nxc7
Rd6 36. Ra1 Bc8 37. Rxa7 Rxd4 38. Ne8 $16) 33. Ne6+ Kh8 34. Nxd8 Qd7 35. Ne6
$36) 29. Qa3 b4 30. Qa5 (30. Qa2 $142 $1 $14 {[%cal Yd2b3,Yb3c5] restricting
Black's counterplay.}) 30... Qc2 $1 31. Ne4 Qxb2 32. Nc5 Rd6 33. Nb7 Rd7 {
An obvious move but Black misses a good chance:} (33... Rc2 $1 34. Rf1 (34.
Nxd6 {loses to} Rxf2 35. Be4 (35. Bf1 Nf4 $1) 35... Nf4 $3 36. Qc7+ Kh6 37.
Nf7+ Kh5 38. Qxf4 $8 Rxf4 39. Bxa8 Qxd4+ 40. Kh1 Rf2 $19 {[%csl Gb4,Rf7,Rh1]})
34... Rd7 {is a much better version for Black than the immediate rook retreat}
({but} 34... Rb6 $1 35. Bxd5 exd5 36. Qxd5 Rxf2 {is even simpler as White must
now give a prepetual by} 37. Qd7+ Kh6 38. Qh3+)) 34. Nc5 Rd6 35. Nb7 Rd7 36.
Qb5 $1 Nb6 37. Nc5 Bxg2 38. Kxg2 Rd6 39. Rab1 Qa2 (39... Qc3 $142 $1 40. Nxe6+
Kf7 41. Nf4 Qc4 $1 ({but not} 41... Qxd4 42. Qe2 $1) 42. Qxb4 Qxd4 {, and
Black holds on.}) 40. Rb3 $1 {[%csl Ra2]} Qc2 41. Qxb4 Kf7 $2 {[%mdl 8192] A
tactical blunder.} (41... Re8 $1 42. Re4 Re7 $14 {is unpleasant for Black but
that was the best defence.}) 42. Rb2 $1 Qf5 (42... Qc4 43. Qxc4 Nxc4 44. Rb7+
$18) (42... Rxd4 43. Qxd4 Qxc5 44. Qxc5 Rxc5 45. Rbb1 $1 $18 {[%cal Yb1c1]})
43. Ne4 $18 {Black loses material due to the knight fork.} Rdc6 44. Nd6+ Rxd6
45. Qxd6 Re8 46. d5 $5 Nxd5 (46... Qxd5+ 47. Qxd5 Nxd5 48. Rb7+ Re7 49. Reb1
$18) 47. Rb7+ Re7 48. Qb8 1-0

[Event "Villa Martelli"]
[Site "Villa Martelli"]
[Date "1997.06.09"]
[Round "9"]
[White "Slipak, Sergio"]
[Black "Rodriguez Vila, Andres"]
[Result "0-1"]
[WhiteElo "2505"]
[BlackElo "2565"]
[Annotator "Liss,E"]
[PlyCount "60"]
[EventDate "1997.06.01"]
[EventType "tourn"]
[EventRounds "11"]
[EventCountry "ARG"]
[EventCategory "13"]
[SourceTitle "CBM 060"]
[Source "ChessBase"]
[SourceDate "1997.09.29"]
[SourceVersion "1"]
[SourceVersionDate "1997.09.29"]
[SourceQuality "1"]

1. d4 e6 2. c4 Nf6 3. Nf3 c5 4. e3 cxd4 5. exd4 d5 6. Nc3 Nc6 7. cxd5 Nxd5 8.
Bd3 Be7 9. O-O O-O 10. Re1 Ncb4 11. Bb1 Nf6 12. a3 Nbd5 13. Qd3 (13. Ne5 {
preventing b6} Bd7 14. Qd3 Bc6 15. Bg5 g6 16. Ba2 Qd6 17. Nxc6 bxc6 18. Qf3
Nxc3 19. bxc3 $14 {Malaniuk-Shipov, Russia cup 1996}) 13... b6 14. Bg5 g6 15.
Ne5 Bb7 16. Ba2 Rc8 17. Qh3 $6 {getting into a forced long line which black
had calculated better} (17. Bh6 Re8 18. Rac1 $132) 17... Nxc3 18. bxc3 Nd5 19.
Bh6 (19. Bxe7 Qxe7 20. Bxd5 (20. c4 Nf4 $17) 20... Bxd5 $15) (19. Bd2 Bg5 $36)
19... Rxc3 20. f3 Bh4 $1 (20... Re8 21. Nxf7) 21. Re4 (21. Bxf8 Bxe1 22. Bh6 (
22. Bb4 $2 Nxb4 23. axb4 Qxd4+ $19) 22... Nf4 $3 23. Bxf4 Qxd4+ 24. Kh1 (24.
Kf1 Qf2#) 24... Qxf4 25. Rxe1 Qxe5 $19) (21. Re2 Nf4 22. Bxf4 Qxd4+ 23. Kh1 (
23. Kf1 Qxf4 24. g3 Rxf3+ $1 25. Nxf3 Qxf3+ 26. Rf2 (26. Ke1 Qc3+ $19) 26...
Qh1+ 27. Ke2 Qxa1 $19) 23... Qxf4 24. g3 Rxf3 25. Nxf3 Qxf3+ 26. Rg2 (26. Qg2
Qxe2 27. Qxb7 Bf6 $19) 26... Bf6 $19) (21. g3 {weakening white's king} Bf6 22.
Bxf8 Nf4 $3 23. gxf4 (23. Qg4 Qxd4+ 24. Kh1 Bxe5 25. Rad1 Rxf3 $1 $19) 23...
Qxd4+ 24. Kh1 Bxe5 25. Rf1 (25. Rad1 Rxf3 26. Qg2 Qxf4 $1 27. Kg1 (27. Rxe5
Rf1+ 28. Rxf1 Qxf1#) (27. Bh6 Qxh2+ $1 28. Qxh2 Rf1#) (27. Rg1 Rf2 28. Qxb7
Qxh2#) 27... Bd4+ 28. Rxd4 (28. Kh1 Rf2 29. Qxb7 Rxh2#) 28... Qxd4+ 29. Kh1 Qd2
$1 30. Rg1 (30. Qxd2 Rf1#) 30... Rf2 $19) (25. fxe5 Bxf3+ 26. Qxf3 Rxf3 27.
Rad1 (27. Bh6 Qh4 28. Be3 Qe4 $19) 27... Qh4 28. Bb4 Rf2 $19) 25... Rxf3 $1 26.
Rxf3 Qxa1+ 27. Kg2 Qxa2+ $19) 21... Bg5 $1 22. Bxf8 (22. Bxg5 Qxg5 $19) 22...
Nf4 23. Rxf4 Bxf4 24. Rd1 (24. Bh6 Qxd4+ 25. Kh1 Rxf3 (25... Qxe5 $19) (25...
Rd3 $1 26. Re1 (26. Rf1 Rd1 27. Bc4 (27. g3 Bxh6 $19) 27... Rxf1+ 28. Bxf1 Qf2
29. g3 Bxe5 $19) 26... Qxe5 $19) 26. Nxf3 (26. gxf3 Qxa1+ 27. Kg2 Qxa2+ $19)
26... Qxa1+ 27. Ng1 Bxh6 28. Bxe6 $19 {black's winning but there are more
decisive lines}) 24... Be3+ 25. Kh1 Qxd4 $1 (25... Qxf8 26. Nxf7 {would have
been a bit dangerous for blak}) 26. Re1 Qd2 27. Rf1 Rc1 28. g3 Kxf8 29. Bc4 Bd4
30. Nd7+ Kg7 0-1

[Event "St Petersburg op"]
[Site "St Petersburg"]
[Date "1995.??.??"]
[Round "8"]
[White "Novikov, Igor A"]
[Black "Lugovoi, Aleksei"]
[Result "1/2-1/2"]
[WhiteElo "2590"]
[BlackElo "2485"]
[Annotator "Lugovoi,A"]
[PlyCount "51"]
[EventDate "1995.05.??"]
[EventType "swiss"]
[EventRounds "9"]
[EventCountry "RUS"]
[SourceTitle "CBM 046 Extra"]
[Source "ChessBase"]
[SourceDate "1995.07.01"]
[SourceVersion "1"]
[SourceVersionDate "1995.07.01"]
[SourceQuality "1"]

1. d4 Nf6 2. c4 e6 3. Nf3 d5 4. Nc3 c5 5. cxd5 Nxd5 6. e3 Nc6 7. Bd3 cxd4 8.
exd4 Be7 9. O-O O-O 10. Re1 Bf6 11. Be4 Nce7 12. Ne5 Nf5 $6 (12... Nc6 $5 13.
Qd3 h6 14. Bxd5 Nb4 15. Qg3 $16 {Smyslov,V-Ivanchuk,V/URS-ch/1988/}) 13. Ng4 $1
Nb6 $8 (13... Nxd4 $2 14. Bxd5 exd5 15. Nxf6+ Qxf6 16. Nxd5 Qh4 17. Bf4 $1 $16)
14. Nxf6+ Qxf6 15. Qg4 $1 Nc4 $1 $8 (15... Rd8 $2 16. Bg5 Qg6 17. Bxf5 exf5 18.
Bxd8 $18) (15... h6 16. Bf4) 16. Bf4 $6 (16. d5 $1 Ncd6 $8 17. dxe6 Bxe6 18.
Nd5 Qd8 19. Bg5 $14) 16... Ncd6 17. Be5 Qg6 18. Qxg6 $6 (18. Qf3 $5 Nxe4 19.
Qxe4 $14) 18... hxg6 19. Bf3 f6 20. Bxd6 Nxd6 21. Rac1 Rd8 22. Ne2 Bd7 23. Nf4
(23. Rc7 Rac8 24. Rec1 Rxc7 25. Rxc7 Bc8 $10) 23... Nf5 24. Nxe6 (24. Bxb7 Rab8
25. Rc7 Nxd4 26. Rd1 e5 27. Nxg6 Be6 $1 $10) 24... Bxe6 25. Rxe6 Rd7 $8 (25...
Nxd4 $2 26. Re7 Rac8 27. Bd5+ Kh7 28. Rxc8 Rxc8 29. g3 $18) 26. d5 (26. d5 Nd4
27. Re4 Nxf3+ 28. gxf3 Rad8 29. Rb4 b6 30. Ra4 a5 31. Rc6 Rxd5 32. Rxb6 Rc5 33.
Rb7 Rd1+ 34. Kg2 Rd2 35. Re4 Rcc2 36. Ree7 Rxf2+ 37. Kg3 Rg2+ 38. Kf4 Rxb2 $14)
1/2-1/2

[Event "Moscow Aeroflot op-A"]
[Site "Moscow"]
[Date "2006.02.14"]
[Round "7"]
[White "Kazhgaleyev, Murtas"]
[Black "Dreev, Alexey"]
[Result "1/2-1/2"]
[WhiteElo "2607"]
[BlackElo "2697"]
[Annotator "Lukacs,P"]
[PlyCount "47"]
[EventDate "2006.02.08"]
[EventType "swiss"]
[EventRounds "9"]
[EventCountry "RUS"]
[SourceTitle "CBM 112"]
[Source "ChessBase"]
[SourceDate "2006.06.07"]
[SourceVersion "1"]
[SourceVersionDate "2006.06.07"]
[SourceQuality "1"]

1. c4 c6 2. e4 d5 3. cxd5 cxd5 4. exd5 Nf6 5. Nc3 Nxd5 6. Nf3 Nc6 7. Bc4 (7.
Bb5 $5 e6 8. O-O Be7 9. d4 O-O 10. Re1 {is the main line here, in several
cases White takes on c6 and tries to blockade the >< c6 on c5.}) 7... Nb6 (7...
e6 8. O-O Be7 9. d4 O-O {leads to the Tarrasch D41}) (7... Nxc3 8. bxc3 (8. Qb3
Nd5 9. Bxd5 e6 10. Be4 Be7 11. O-O O-O)) 8. Bb5 (8. Bb3 Bf5 $1 {/\ e6, Be7,
0-0 is the safest continuation for Black.} (8... g6 9. d4 Bg7 10. d5 {This
strong d P secures White some space advantage in the [+] .} (10. Be3 O-O 11. d5
{The insertion of Be3 0-0 can only be useful for Black.} Na5 12. Bd4 Nxb3 13.
axb3 e5 14. Bc5 Re8 15. O-O e4 16. Bxb6 Qxb6 $15 {Busch-Khenkin, Baden-Baden
1990}) 10... Na5 11. O-O O-O 12. Re1 Bg4 13. h3 Bxf3 (13... Nxb3 14. axb3 Bf5
15. Be3) 14. Qxf3 Re8 15. Rd1 Qd7 $5 (15... Rc8 16. d6 Nxb3 17. axb3 exd6 18.
Rxa7 $16 {Timman-Khenkin, Tilburg 1994}) (15... Nxb3 16. axb3 Qd7 17. Be3 $14)
16. Be3 $140 Nac4 $13) (8... Nd4 9. Nxd4 (9. O-O Nxb3 10. Qxb3 Be6 (10... e6
11. d4 Be7 12. Re1 O-O) 11. Qb5+ Qd7) 9... Qxd4 10. O-O (10. d3 Bg4 11. Be3)
10... Bg4 11. Qc2 Bd7 12. d3 Bc6 13. Be3 Qd7 14. f4 $5 g6 15. Rad1 Bg7 16. Bxb6
axb6 17. d4 $36 {Makarichev-Dely, Amsterdam 1974}) (8... Qd3 {By this way
Black cannot fight against d4.} 9. Bc2 Qa6 10. d4 Bg4 (10... Nb4 11. Be4 Be6
12. a3 N4d5 13. Ng5 Nxc3 14. Nxe6 Qc4 15. bxc3 Qxe6 16. Qe2 $16 {
Relange-Rausis, Hastings 1997}) 11. Bd3 Qa5 12. h3 $14) 9. d4 e6 10. O-O Be7
11. d5 $1 {is probably the best, but after the mass exchanges in the [+] the
draw is hard to avoid.} (11. a4 {Black's position is rock-solid, this push is
not dangerous for him.} Na5 (11... O-O 12. a5 Nd5 13. a6 bxa6 14. Nxd5 exd5 15.
Bd2 Bg4 16. Bc3 Rb8 17. Bc2 Nb4 18. Bxb4 Bxf3 19. Qxf3 Rxb4 $11 {
Berend-Speelman, Gothenburg 2005}) 12. Ba2 (12. Bc2 Bxc2 13. Qxc2 O-O $11)
12... O-O 13. Qe2 Rc8 14. Rd1 Nd5 15. Nxd5 exd5 16. Bd2 Nc4 $13 {Aronian-Reuss,
Deizisau 2003}) (11. h3 O-O 12. a3 Bf6 13. Be3 Rc8 14. Qe2 Rc7 15. Rfd1 Rd7 $11
{Topalov-Marovic, Gran Canaria 1993}) 11... exd5 12. Nxd5 Nxd5 13. Bxd5 (13.
Qxd5 Qxd5 14. Bxd5 O-O 15. Bg5 Bxg5 16. Nxg5 h6 17. Nf3 Rfd8 $11 {
Atutubo-Adorjan, Manila 1992}) 13... O-O 14. Bf4 (14. Be3 Bf6 $11 {
Spassky-Portisch, Mexico m/7 1980 29/(176)}) 14... Qb6 15. Bxc6 Qxc6 16. Nd4
Qe4 17. Nxf5 Qxf5 18. Be3 {1/2-1/2 Makarichev-Adorjan, Sarajevo 1982}) 8... e6
(8... Bd7 9. d4 e6 (9... a6 10. Bd3 (10. Be2 {The B is passive here, it
belongs to d3.} e6 11. O-O Be7 12. Re1 O-O 13. a3 Nd5 14. Bd3 Rc8 15. Ne4 h6
16. Bc2 $13 {Brodsky-Pavlenko, Bydgoszcz 1999}) 10... Bg4 11. Be4 $14) 10. O-O
Be7 11. a3 (11. Re1 O-O {- 8...e6}) 11... O-O 12. Re1 $142 {- 8...e6} (12. Be3
{The B is usually passive on e3.} Nd5 (12... Bf6) 13. Nxd5 exd5 14. Qb1 Bf6 15.
Bxc6 Bxc6 16. Bf4 Re8 17. Qd3 Qb6 18. Qd2 Bd7 {1/2-1/2 Damaso-A.Fernandes,
Portugal 1992})) 9. d4 Be7 10. O-O O-O 11. Re1 (11. Bxc6 {looks premature.}
bxc6 12. Ne5 (12. Re1 c5) 12... Bb7 13. Be3 f6 (13... Nd5)) 11... Bd7 12. a3 {
/\ Bd3, Bc2, Qd3 securing the b4 square.} (12. d5 {leads only to unnecessary
exchanges.} Nxd5 13. Nxd5 exd5 14. Qxd5 Be6 $11) 12... Rc8 13. Bd3 Nd5 14. Nxd5
(14. Bc2 $142 $5 {is more in spirit of the isolated P structure.} Qb6 (14...
Re8 15. Qd3 $14) 15. Qd3 (15. Be4 Nf6) 15... g6 16. Bh6 Rfe8 17. Qd2 Bf6 (17...
Qxb2 $4 18. Nxd5 exd5 19. Reb1) 18. Be4 (18. Ba4 $36) 18... Nce7 19. Rac1 Bc6
$14) 14... exd5 $11 {Now the passive d7 B becomes active again.} 15. h3 {
against Bg4} Bf6 16. b4 Re8 (16... Qb6 17. Be3 Ne7 18. Ne5 Bb5 19. Bc2 $14 {
avoiding the exchange of his vital light-squared B.}) 17. Rxe8+ (17. Be3 a6 $11
) 17... Qxe8 18. Bg5 {White exchanges his bad B, but there is no real hope for
an advantage.} (18. Be3 Ne7 {/\ Bf5 in order to get rid of the "bad" B.} 19.
Ne5 Bf5 20. Ng4 Bxg4 (20... Bxd3 21. Nxf6+) 21. hxg4 h6 22. Qf3 Qd8 23. Re1 Qb6
$11) 18... Bxg5 19. Nxg5 h6 (19... f6 $6 20. Nf3 Qh5 21. Rc1 $14) 20. Nf3 Qd8
21. Rc1 Ne7 22. Rxc8 Qxc8 23. Qe1 Be6 24. b5 1/2-1/2